00668nam a22001817a 4500008004100000040001800041041000800059100002000067245009100087250003300178260005400211300001800265500012100283650001500404650003800419650001600457650001300473130821s1882 fr grff fre  aCo-BoUCMbspa00afre aEttorre, Cosimo00aManuale del ceramistabnozione tecniche e ricettario con illustrazionicCosimo Ettorre a4a. ed. riveduta dall'autore aParís (Francia)bLibrería de Ch. Bouretc1882 a183 páginas aIncluye diccionario de terminos de ceramica e índice. -- Este libro se encuentra en el depósito de la biblioteca04aCerámica04aCerámicaxEnseñanzavManuales04aEnseñanza04aManuales